000 00667nam a2200205Ii 4500
003 JO-AjNU
008 230605s9999||||xx |||||||||||||| ||und||
017 _a2003/18126
040 _aJO-AjNU
_bara
_erda
_cJO-AjNU
041 _aara
050 1 4 _aR128.3.A2888
100 3 _aمحمد عارف، ابو الفداء محمد عزت ,
_eauthor
_949040
245 0 0 _aاسرار العلاج بالحجامة والفصد
264 3 1 _aالقاهرة :دار الفضيلة ،د.ت
300 _a143ص
336 _atext
_btxt
_2rdacontent
337 _aunmediated
_bn
_2rdamedia
338 _avolume
_bnc
_2rdacarrier
650 4 _aالحجامه-العلاج
_949041
999 _aA21515
_c25083
_d25083